Statystyki dla Quiz mistrzów świata Formuły 1

Kliknij tutaj aby rozwiązać quiz!

Ogólne statystyki

  • Ten quiz został rozwiązany 261 razy
  • Średni wynik to 16 z 33

Statystyki odpowiedzi

LatNarodowośćMistrz% Poprawnych
2008, 2014, 2015, 2017, 2018Wielka BrytaniaLewis Hamilton
100%
2010, 2011, 2012, 2013NiemcySebastian Vettel
97%
2005, 2006HiszpaniaFernando Alonso
91%
1994, 1995, 2000, 2001, 2002, 2003, 2004NiemcyMichael Schumacher
90%
2007FinlandiaKimi Räikkönen
88%
2016NiemcyNico Rosberg
85%
1988, 1990, 1991BrazyliaAyrton Senna
81%
1982FinlandiaKeke Rosberg
77%
2009Wielka BrytaniaJenson Button
77%
1975, 1977, 1984AustriaNiki Lauda
75%
1985, 1986, 1989, 1993FrancjaAlain Prost
70%
1998, 1999FinlandiaMika Häkkinen
61%
1951, 1954, 1955, 1956, 1957ArgentynaJuan Manuel Fangio
48%
1997KanadaJacques Villeneuve
46%
1981, 1983, 1987BrazyliaNelson Piquet
43%
1962, 1968Wielka BrytaniaGraham Hill
43%
1996Wielka BrytaniaDamon Hill
41%
1961USAPhil Hill
41%
1969, 1971, 1973Wielka BrytaniaJackie Stewart
36%
1992Wielka BrytaniaNigel Mansell
35%
1976Wielka BrytaniaJames Hunt
35%
1972, 1974BrazyliaEmerson Fittipaldi
31%
1952, 1953WłochyAlberto Ascari
29%
1959, 1960, 1966AustraliaJack Brabham
28%
1950WłochyGiuseppe Farina
28%
1963, 1965Wielka BrytaniaJim Clark
24%
1979Republika
Poludniowej Afryki
Jody Scheckter
17%
1978USAMario Andretti
16%
1970AustriaJochen Rindt
13%
1964Wielka BrytaniaJohn Surtees
12%
1958Wielka BrytaniaMike Hawthorn
12%
1980AustraliaAlan Jones
12%
1967Nowa ZelandiaDenny Hulme
9%

Rozkład punktacji

Percentyl według liczby udzielonych odpowiedzi

Procent ludzi z każdym wynikiem

Twoja historia wyników

Nie rozwiązałeś tego quizu